Online
Catalog

El fantasma de Canterville y otros cuentos / (Record no. 36056)

MARC details
000 -CABECERA
campo de control de longitud fija 00870nam a2200217 a 4500
001 - NÚMERO DE CONTROL
campo de control 000036565
005 - FECHA Y HORA DE LA ÚLTIMA TRANSACCIÓN
campo de control 20200930075812.0
008 - DATOS DE LONGITUD FIJA--INFORMACIÓN GENERAL
campo de control de longitud fija 120120s1999 sp 000 j spa d
020 ## - NÚMERO INTERNACIONAL ESTÁNDAR DEL LIBRO
Número Internacional Estándar del Libro 8484034279
040 ## - FUENTE DE LA CATALOGACIÓN
Centro catalogador/agencia de origen DO-SdBNP
Lengua de catalogación spa
Centro/agencia transcriptor BNPHU
082 ## - NÚMERO DE LA CLASIFICACIÓN DECIMAL DEWEY
Número de clasificación 823.8
Número de documento/Ítem W671f, 1999
100 1# - ENTRADA PRINCIPAL--NOMBRE DE PERSONA
Nombre de persona Wilde, Oscar,
Fechas asociadas al nombre 1854-1900
9 (RLIN) 13294
245 13 - MENCIÓN DE TÍTULO
Título El fantasma de Canterville y otros cuentos /
Mención de responsabilidad, etc. Oscar Wilde ; prólogo Carmelo Sánchez Castro.
260 ## - PUBLICACIÓN, DISTRIBUCIÓN, ETC.
Lugar de publicación, distribución, etc. Madrid, España :
Nombre del editor, distribuidor, etc. Edimat Libros,
Fecha de publicación, distribución, etc. 1999.
300 ## - DESCRIPCIÓN FÍSICA
Extensión 160 p. ;
Dimensiones 20 cm.
505 0# - NOTA DE CONTENIDO CON FORMATO
Nota de contenido con formato El fantasma de Canterville --
Título El cumpleaños de una infanta --
-- El pescador y su alma --
-- El príncipe feliz --
-- El ruiseñor de la rosa --
-- El amigo leal.
650 #4 - PUNTO DE ACCESO ADICIONAL DE MATERIA--TÉRMINO DE MATERIA
Término de materia o nombre geográfico como elemento de entrada Cuentos irlandeses
9 (RLIN) 62832
650 #4 - PUNTO DE ACCESO ADICIONAL DE MATERIA--TÉRMINO DE MATERIA
Término de materia o nombre geográfico como elemento de entrada Literatura irlandesa
9 (RLIN) 11512
700 12 - PUNTO DE ACCESO ADICIONAL--NOMBRE DE PERSONA
Nombre de persona Sánchez Castro, Camelo,
Término indicativo de función/relación pról.
9 (RLIN) 62833
910 ## - DATOS DE OPCIÓN DEL USUARIO (OCLC)
Datos de opción del usuario Validado. Control de calidad MFF
Holdings
Estado de retiro Estado de pérdida Restricciones de uso No para préstamo Código de colección Localización permanente Ubicación/localización actual Ubicación en estantería Fecha de adquisición Número de inventario Total de préstamos Signatura topográfica completa Código de barras Fecha visto por última vez Precio válido a partir de Tipo de ítem Koha
      Excluido de préstamo Monografías: Libros y Folletos General General Depósito 20.01.2012 LF1   823.8 W671f, 1999 36565-10 25.06.2020 25.06.2020 No se presta

Powered by Koha